=LDR 00000nam 2200000 4500 =001 INLIS000000000011390 =005 20130612102946 =008 ***********************************Ind** =035 ##$$0010-061300000011390 =041 ##$$a Ind =082 ##$$a 959.8 =090 ##$$a 959.8, Sre t =100 ##$$a Soe Hok Gde =245 ##$$a Di bawah untera merah, Riwayat Sarekat Semarang =650 ##$$a Indonesia-Sejarah Islam =850 ##$$a NBPNMAT